Lý thuyết phương trình vi phân

Nội dung: Các khái niệm cơ bản; Một số phương pháp tích phân các phương trình vi phân cấp một; Một số phương pháp tích phân các phương trình vi phân cấp một chưa giải ra đạo hàm và phương trình vi phân cấp cao......

Volledige beschrijving

Bewaard in:
Bibliografische gegevens
Hoofdauteur: Hoàng, Hữu Đường
Formaat: Boek
Taal:Undetermined
Gepubliceerd in: Hà Nội Đại học và Trung học Chuyên nghiệp 1977
Onderwerpen:
Tags: Voeg label toe
Geen labels, Wees de eerste die dit record labelt!
Thư viện lưu trữ: Trung tâm Học liệu Trường Đại học Cần Thơ
LEADER 00902nam a2200193Ia 4500
001 CTU_1334
008 210402s9999 xx 000 0 und d
082 |a 515.3 
082 |b Đ561 
100 |a Hoàng, Hữu Đường 
245 0 |a Lý thuyết phương trình vi phân 
245 0 |c Hoàng Hữu Đường 
260 |a Hà Nội 
260 |b Đại học và Trung học Chuyên nghiệp 
260 |c 1977 
520 |a Nội dung: Các khái niệm cơ bản; Một số phương pháp tích phân các phương trình vi phân cấp một; Một số phương pháp tích phân các phương trình vi phân cấp một chưa giải ra đạo hàm và phương trình vi phân cấp cao... 
650 |a Phương trình vi phân 
904 |i Giang 
980 |a Trung tâm Học liệu Trường Đại học Cần Thơ